Proceedings KORUS 2001 /

Guardat en:
Dades bibliogràfiques
Autor corporatiu: Korea-Russia International Symposium on Science and Technology ( Universidad Politécnica Tomsk)
Format: Actes de congresos Llibre
Idioma:anglès
Publicat: Piscataway, EUA : IEEE, 2001, c2001
Matèries:
Etiquetes: Afegir etiqueta
Sense etiquetes, Sigues el primer a etiquetar aquest registre!

MARC

LEADER 00000nam^a2200000^a^4500
001 000151198
005 20250521000000.0
009 20260310100203.924
020 |a 0-7803-7008-2 
037 |a Acervo ITESO - Biblioteca 
041 |a ING 
082 |a 500.  |b KOR 2001 V. 2 
111 |a Korea-Russia International Symposium on Science and Technology (  |n 5o :  |d 2001 :  |c Universidad Politécnica Tomsk) 
245 1 0 |a Proceedings KORUS 2001 /  |c Korea-Russia International Symposium on Science and Technology. 
264 4 |a Piscataway, EUA :  |b IEEE,  |c 2001, c2001 
300 |a 322 p. 
336 |a texto  |b txt  |2 rdacontenido 
337 |a sin mediación  |b n  |2 rdamedio 
338 |a volumen  |b nc  |2 rdasoporte 
649 |a XX 
650 |a Materiales de Ingeniería 
650 |a Metalurgia 
650 |a Ecología 
650 |a Economía 
650 |a Ciencias Sociales 
650 |a Matemáticas 
650 |a Química 
650 |a Biología 
650 |a Arquitectura 
650 |a Desarrollo Económico-Social 
650 |a Desarrollo Económico-Social 
650 |a Desarrollo Tecnológico 
650 |a Tecnología y Sociedad 
650 |a Tecnología -  |x Congresos 
650 |a Ciencia -  |x Congresos 
910 |a Fondo General 
920 |a Impresos - Libros 
930 |a Colección General 
905 |a 101 
901 |a 0500080213  |b IT1  |c ACC  |u 20250521 
902 |a https://opac.biblio.iteso.mx/vufind/Record/000151198